000
00298nam a22001337a 4500
008
190223b xxu||||| |||| 00| 0 eng d
020
_a
9781437728019
041
_a
eng
080
_2
7th
_a
610.73
100
_a
1
101
_a
INF
245
_a
Medical-Surgical Nursing
_c
Workman
942
_2
udc
_c
BK
999
_c
54139
_d
54139